Pendidikan jarak jauh (Record no. 61477)

MARC details
000 -LEADER
fixed length control field 00900nam a2200301 i 4500
001 - CONTROL NUMBER
control field C2-0247617
003 - CONTROL NUMBER IDENTIFIER
control field PPAK
005 - DATE AND TIME OF LATEST TRANSACTION
control field 20180727212151.0
008 - FIXED-LENGTH DATA ELEMENTS--GENERAL INFORMATION
fixed length control field 030329s2010 my a|||| ||||| | may d
020 ## - INTERNATIONAL STANDARD BOOK NUMBER
International Standard Book Number 9676114049
040 ## - CATALOGING SOURCE
Original cataloging agency PPAK
Language of cataloging eng
Transcribing agency PPAK
Description conventions rda
082 04 - DEWEY DECIMAL CLASSIFICATION NUMBER
Classification number 378.175
Edition number 23
090 00 - LOCALLY ASSIGNED LC-TYPE CALL NUMBER (OCLC); LOCAL CALL NUMBER (RLIN)
Classification number (OCLC) (R) ; Classification number, CALL (RLIN) (NR) 378.175
Feature heading MDN
Feature heading KMI
Classification number (OCLC) (R) ; Classification number, CALL (RLIN) (NR) 378.175
Feature heading MDN
Feature heading R
Classification number (OCLC) (R) ; Classification number, CALL (RLIN) (NR) 378.175
Feature heading MDN
Feature heading G
100 0# - MAIN ENTRY--PERSONAL NAME
Personal name Md Noor Saleh,
Relator term author
245 10 - TITLE STATEMENT
Title Pendidikan jarak jauh
264 #1 - PRODUCTION, PUBLICATION, DISTRIBUTION, MANUFACTURE, AND COPYRIGHT NOTICE
Place of production, publication, distribution, manufacture Kuala Lumpur :
Name of producer, publisher, distributor, manufacturer Utusan Publications & Distributors Sdn Bhd ,
Date of production, publication, distribution, manufacture, or copyright notice 2010
300 ## - PHYSICAL DESCRIPTION
Extent xi, 266 pages :
Other physical details illustrations ;
Dimensions 26 cm
336 ## - CONTENT TYPE
Source rdacontent
Content type term text
337 ## - MEDIA TYPE
Source rdamedia
Media type term unmediated
338 ## - CARRIER TYPE
Source rdacarrier
Carrier type term volume
490 1# - SERIES STATEMENT
Series statement Siri pendidikan jarak jauh
500 ## - GENERAL NOTE
General note Includes bibliographical references and index.
650 10 - SUBJECT ADDED ENTRY--TOPICAL TERM
Topical term or geographic name entry element Distance education.
830 #0 - SERIES ADDED ENTRY--UNIFORM TITLE
Uniform title Siri pendidikan jarak jauh
942 ## - ADDED ENTRY ELEMENTS (KOHA)
-- dc
Koha item type Book
Holdings
Withdrawn Not for loan Current library Shelving location Date acquired Full call number Barcode Date last seen Koha item type
  Not For Loan Perpustakaan Alor Setar Koleksi Prof. Dr. Muhammad Isa Othman 15/06/2011 KMI 378.175 MDN A00385248 08/05/2018 Book
  Not For Loan Perpustakaan Baling Rujukan Dewasa 06/04/2003 R 378.175 MDN A01024337 08/05/2018 Book
  Not For Loan Perpustakaan Baling Rujukan Dewasa 06/04/2003 R 378.175 MDN A01024338 08/05/2018 Book
    Perpustakaan Langkawi Pinjaman Dewasa 07/09/2016 378.175 MDN A00878963 08/05/2018 Book